[Event "DEM U10 2024"]
[Site "Willingen GER"]
[Date "2024.05.23"]
[Round "8"]
[White "Naumann, Lennart"]
[Black "Aguike, Toshiya"]
[Result "0-1"]
[Termination "normal"]
[Board "3"]
[WhiteElo "1707"]
[BlackElo "1786"]
[WhiteClock "00:09:20"]
[BlackClock "00:41:08"]
[PlyCount "50"]
[WhiteFideId "34644830"]
[BlackFideId "34611347"]
[EventCountry "GER"]
[EventRounds "11"]
[EventType "swiss"]
[EventDate "2024.05.18"]

1. e4 {[%clk 01:15:59]} {[%emt 00:44:39]} e5 {[%clk 01:15:55]} {[%emt
00:00:06]} 2. Nf3 {[%clk 01:16:23]} {[%emt 00:00:05]} Nc6 {[%clk 01:16:05]}
{[%emt 00:00:21]} 3. Bc4 {[%clk 01:16:45]} {[%emt 00:00:06]} Bc5 {[%clk
01:16:31]} {[%emt 00:00:05]} 4. d4 {[%clk 01:17:07]} {[%emt 00:00:09]} Bxd4
{[%clk 01:16:42]} {[%emt 00:00:19]} 5. Nxd4 {[%clk 01:17:26]} {[%emt 00:00:11]}
Nxd4 {[%clk 01:17:03]} {[%emt 00:00:09]} 6. Be3 {[%clk 01:17:46]} {[%emt
00:00:09]} Nc6 {[%clk 01:16:14]} {[%emt 00:01:19]} 7. Qg4 {[%clk 01:17:22]}
{[%emt 00:00:54]} Qf6 {[%clk 01:13:10]} {[%emt 00:03:33]} 8. Qe2 {[%clk
01:17:18]} {[%emt 00:00:34]} Nge7 {[%clk 01:12:26]} {[%emt 00:01:12]} 9. Nc3
{[%clk 01:16:54]} {[%emt 00:00:56]} d6 {[%clk 01:10:31]} {[%emt 00:02:25]} 10.
Nb5 {[%clk 01:16:28]} {[%emt 00:00:58]} Kd8 {[%clk 01:09:31]} {[%emt 00:01:27]}
11. O-O-O {[%clk 01:14:22]} {[%emt 00:02:36]} a6 {[%clk 01:09:13]} {[%emt
00:00:49]} 12. Nc3 {[%clk 01:11:58]} {[%emt 00:02:55]} Be6 {[%clk 01:05:42]}
{[%emt 00:04:00]} 13. h4 {[%clk 01:10:32]} {[%emt 00:01:57]} h6 {[%clk
01:03:00]} {[%emt 00:03:12]} 14. Bd5 {[%clk 01:05:45]} {[%emt 00:05:16]} Kd7
{[%clk 01:02:10]} {[%emt 00:01:21]} 15. Na4 {[%clk 01:02:44]} {[%emt 00:03:31]}
Rad8 {[%clk 00:53:11]} {[%emt 00:09:29]} 16. Nc5+ {[%clk 00:44:33]} {[%emt
00:18:41]} Kc8 {[%clk 00:52:42]} {[%emt 00:00:56]} 17. Nxe6 {[%clk 00:36:32]}
{[%emt 00:08:34]} fxe6 {[%clk 00:52:49]} {[%emt 00:00:23]} 18. Qg4 {[%clk
00:36:41]} {[%emt 00:00:21]} Kd7 {[%clk 00:52:18]} {[%emt 00:01:01]} 19. f4
{[%clk 00:33:23]} {[%emt 00:03:48]} exf4 {[%clk 00:51:25]} {[%emt 00:01:23]}
20. Bxf4 {[%clk 00:33:34]} {[%emt 00:00:20]} h5 {[%clk 00:51:31]} {[%emt
00:00:23]} 21. Bxc6+ {[%clk 00:33:02]} {[%emt 00:01:01]} Nxc6 {[%clk 00:50:56]}
{[%emt 00:01:05]} 22. Qg3 {[%clk 00:32:33]} {[%emt 00:01:00]} Rdf8 {[%clk
00:49:54]} {[%emt 00:01:30]} 23. Rhf1 {[%clk 00:23:05]} {[%emt 00:09:59]} Kc8
{[%clk 00:43:33]} {[%emt 00:06:51]} 24. Rf3 {[%clk 00:15:40]} {[%emt 00:07:56]}
Nd4 {[%clk 00:40:58]} {[%emt 00:03:05]} 25. Bg5 {[%clk 00:09:20]} {[%emt
00:06:50]} Qxf3 {[%clk 00:41:08]} {[%emt 00:00:19]} 0-1

[Event "DEM U10 2024"]
[Site "Willingen GER"]
[Date "2024.05.23"]
[Round "8"]
[White "Ding, Jerry Yunjie"]
[Black "Zargaran, Sepas"]
[Result "0-1"]
[Termination "normal"]
[Board "5"]
[WhiteElo "1650"]
[BlackElo "1810"]
[WhiteClock "00:00:48"]
[BlackClock "00:05:16"]
[PlyCount "132"]
[WhiteFideId "34614869"]
[BlackFideId "34625275"]
[EventCountry "GER"]
[EventRounds "11"]
[EventType "swiss"]
[EventDate "2024.05.18"]

1. d4 {[%clk 01:15:59]} Nf6 {[%clk 01:15:46]} {[%emt 00:00:13]} 2. c4 {[%clk
01:16:25]} {[%emt 00:00:06]} g6 {[%clk 01:16:05]} {[%emt 00:00:10]} 3. Nc3
{[%clk 01:16:49]} {[%emt 00:00:06]} Bg7 {[%clk 01:16:28]} {[%emt 00:00:07]} 4.
e4 {[%clk 01:17:14]} {[%emt 00:00:05]} d6 {[%clk 01:16:35]} {[%emt 00:00:23]}
5. h3 {[%clk 01:17:38]} {[%emt 00:00:06]} O-O {[%clk 01:15:04]} {[%emt
00:02:00]} 6. Be3 {[%clk 01:17:58]} {[%emt 00:00:12]} e5 {[%clk 01:13:30]}
{[%emt 00:02:02]} 7. d5 {[%clk 01:18:06]} {[%emt 00:00:24]} Nbd7 {[%clk
01:07:28]} {[%emt 00:06:30]} 8. g4 {[%clk 01:17:47]} {[%emt 00:00:50]} Kh8
{[%clk 00:59:36]} {[%emt 00:08:19]} 9. Nge2 {[%clk 01:12:36]} {[%emt 00:05:44]}
Ng8 {[%clk 00:51:11]} {[%emt 00:08:55]} 10. Ng3 {[%clk 01:11:57]} {[%emt
00:01:09]} Bh6 {[%clk 00:51:05]} {[%emt 00:00:34]} 11. Qd2 {[%clk 01:10:11]}
{[%emt 00:02:18]} Bxe3 {[%clk 00:49:48]} {[%emt 00:01:47]} 12. Qxe3 {[%clk
01:09:47]} {[%emt 00:00:55]} Qh4 {[%emt 00:05:45]} 13. Bd3 {[%clk 00:31:20]}
{[%emt 00:38:55]} a6 {[%clk 00:37:53]} {[%emt 00:07:11]} 14. Nce2 {[%clk
00:25:57]} {[%emt 00:05:53]} Nc5 {[%clk 00:23:01]} {[%emt 00:15:21]} 15. Bc2
{[%clk 00:19:18]} {[%emt 00:07:10]} Qf6 {[%clk 00:17:16]} {[%emt 00:06:11]} 16.
Bd3 {[%clk 00:09:46]} {[%emt 00:10:06]} Ne7 {[%clk 00:14:46]} {[%emt 00:02:55]}
17. Bc2 {[%clk 00:07:21]} {[%emt 00:03:00]} a5 {[%clk 00:13:42]} {[%emt
00:01:34]} 18. O-O-O {[%clk 00:03:50]} {[%emt 00:04:01]} Bd7 {[%clk 00:12:59]}
{[%emt 00:01:12]} 19. Kb1 {[%clk 00:03:32]} {[%emt 00:00:49]} Rfb8 {[%clk
00:11:52]} {[%emt 00:01:34]} 20. Nc3 {[%clk 00:03:26]} {[%emt 00:00:38]} a4
{[%clk 00:10:05]} {[%emt 00:02:18]} 21. Rhf1 {[%clk 00:01:32]} {[%emt
00:02:24]} g5 {[%clk 00:04:53]} {[%emt 00:05:41]} 22. Nh5 {[%clk 00:01:23]}
{[%emt 00:00:40]} Qh6 {[%clk 00:03:59]} {[%emt 00:01:22]} 23. Qf3 {[%clk
00:00:54]} {[%emt 00:01:01]} Rf8 {[%clk 00:02:52]} {[%emt 00:01:27]} 24. Rg1
{[%clk 00:00:55]} {[%emt 00:00:38]} f6 {[%clk 00:01:36]} {[%emt 00:01:45]} 25.
Qe2 {[%clk 00:00:31]} {[%emt 00:00:56]} Ng6 {[%clk 00:00:52]} {[%emt 00:01:11]}
26. Rh1 {[%clk 00:00:47]} {[%emt 00:00:16]} Nh4 {[%clk 00:01:03]} {[%emt
00:00:19]} 27. Rdf1 {[%clk 00:00:38]} {[%emt 00:00:40]} Be8 {[%clk 00:01:10]}
{[%emt 00:00:23]} 28. Ng3 {[%clk 00:00:58]} {[%emt 00:00:10]} Bd7 {[%clk
00:01:05]} {[%emt 00:00:34]} 29. Nh5 {[%clk 00:00:45]} {[%emt 00:00:43]} Qg6
{[%clk 00:01:32]} {[%emt 00:00:02]} 30. Ng3 {[%clk 00:00:55]} {[%emt 00:00:22]}
Rfb8 {[%clk 00:01:33]} {[%emt 00:00:29]} 31. Nb5 {[%clk 00:00:56]} {[%emt
00:00:30]} Bxb5 {[%clk 00:01:10]} {[%emt 00:00:53]} 32. cxb5 {[%clk 00:01:23]}
{[%emt 00:00:03]} Qh6 {[%clk 00:00:50]} {[%emt 00:00:48]} 33. Nh5 {[%clk
00:01:05]} {[%emt 00:00:50]} Nd7 {[%clk 00:00:43]} {[%emt 00:00:36]} 34. Qc4
{[%clk 00:01:25]} {[%emt 00:00:09]} Nc5 {[%clk 00:01:12]} {[%emt 00:00:02]} 35.
Qe2 {[%clk 00:01:50]} {[%emt 00:00:05]} b6 {[%clk 00:01:17]} {[%emt 00:00:26]}
36. Qc4 {[%clk 00:01:18]} {[%emt 00:01:01]} Ra7 {[%clk 00:01:25]} {[%emt
00:00:21]} 37. Ng3 {[%clk 00:01:24]} {[%emt 00:00:25]} Nf3 {[%clk 00:01:17]}
{[%emt 00:00:38]} 38. Rd1 {[%clk 00:01:44]} {[%emt 00:00:10]} Nh4 {[%clk
00:01:10]} {[%emt 00:00:37]} 39. Rdf1 {[%clk 00:01:20]} {[%emt 00:00:54]} Rba8
{[%clk 00:00:52]} {[%emt 00:00:48]} 40. a3 {[%clk 00:00:44]} {[%emt 00:01:06]}
Ra5 {[%clk 00:01:02]} {[%emt 00:00:19]} 41. Ne2 {[%clk 00:00:45]} {[%emt
00:00:30]} Qf8 {[%clk 00:01:01]} {[%emt 00:00:30]} 42. Nc1 {[%clk 00:00:50]}
{[%emt 00:00:25]} Qe8 {[%clk 00:01:12]} {[%emt 00:00:18]} 43. Nd3 {[%clk
00:01:03]} {[%emt 00:00:19]} Nf3 {[%clk 00:00:40]} {[%emt 00:01:02]} 44. Kc1
{[%clk 00:01:18]} {[%emt 00:00:15]} Qxb5 {[%clk 00:00:38]} {[%emt 00:00:32]}
45. Qxb5 {[%clk 00:01:18]} {[%emt 00:00:30]} Rxb5 {[%clk 00:00:59]} {[%emt
00:00:08]} 46. Nb4 {[%clk 00:01:33]} {[%emt 00:00:16]} Nd4 {[%clk 00:01:00]}
{[%emt 00:00:28]} 47. h4 {[%clk 00:01:23]} {[%emt 00:00:41]} Nxc2 {[%clk
00:00:51]} {[%emt 00:00:38]} 48. Kxc2 {[%clk 00:01:29]} {[%emt 00:00:25]} Nxe4
{[%clk 00:01:05]} {[%emt 00:00:16]} 49. hxg5 {[%clk 00:01:40]} {[%emt
00:00:19]} fxg5 {[%clk 00:00:37]} {[%emt 00:00:58]} 50. Rh3 {[%clk 00:01:22]}
{[%emt 00:00:48]} Nf6 {[%clk 00:00:43]} {[%emt 00:00:21]} 51. Rc3 {[%clk
00:01:07]} {[%emt 00:00:48]} Rc5 {[%clk 00:00:45]} {[%emt 00:00:28]} 52. f3
{[%clk 00:01:13]} {[%emt 00:00:24]} Rf8 {[%clk 00:00:35]} {[%emt 00:00:40]} 53.
Rg1 {[%clk 00:00:35]} {[%emt 00:01:09]} Rf7 {[%clk 00:00:47]} {[%emt 00:00:17]}
54. Rd1 {[%clk 00:00:41]} {[%emt 00:00:24]} Nd7 {[%clk 00:00:40]} {[%emt
00:00:36]} 55. Rdd3 {[%clk 00:15:24]} {[%emt 00:00:48]} Nf8 {[%clk 00:15:42]}
{[%emt 00:00:27]} 56. Na6 {[%clk 00:14:44]} {[%emt 00:01:11]} Rxc3+ {[%clk
00:15:38]} {[%emt 00:00:34]} 57. Rxc3 {[%clk 00:15:09]} {[%emt 00:00:05]} Ng6
{[%clk 00:15:17]} {[%emt 00:00:51]} 58. Nxc7 {[%clk 00:15:00]} {[%emt
00:00:39]} Nh4 {[%clk 00:12:29]} {[%emt 00:03:16]} 59. Ne6 {[%clk 00:15:23]}
{[%emt 00:00:08]} h6 {[%clk 00:12:43]} {[%emt 00:00:17]} 60. Rc6 {[%clk
00:15:18]} {[%emt 00:00:35]} Nxf3 {[%clk 00:13:01]} {[%emt 00:00:12]} 61. Rxd6
{[%clk 00:15:29]} {[%emt 00:00:19]} e4 {[%clk 00:12:22]} {[%emt 00:01:09]} 62.
Rxb6 {[%clk 00:13:58]} {[%emt 00:02:01]} Ne5 {[%clk 00:09:58]} {[%emt
00:02:53]} 63. Rb8+ {[%clk 00:04:41]} {[%emt 00:09:48]} Kh7 {[%clk 00:10:02]}
{[%emt 00:00:26]} 64. d6 {[%clk 00:02:40]} {[%emt 00:02:31]} Kg6 {[%clk
00:08:30]} {[%emt 00:01:51]} 65. Rb5 {[%clk 00:01:37]} {[%emt 00:01:44]} Kf6
{[%clk 00:08:25]} {[%emt 00:00:35]} 66. Nc5 {[%clk 00:00:48]} {[%emt 00:01:18]}
e3 {[%clk 00:05:16]} {[%emt 00:03:40]} 0-1

[Event "DEM U10 2024"]
[Site "Willingen GER"]
[Date "2024.05.23"]
[Round "8"]
[White "Stojanoski, Stefan"]
[Black "Meitzner, Jonathan Franz"]
[Result "0-1"]
[Termination "normal"]
[Board "6"]
[WhiteElo "1638"]
[BlackElo "1730"]
[WhiteClock "01:16:00"]
[BlackClock "00:06:46"]
[PlyCount "164"]
[WhiteFideId "34632948"]
[BlackFideId "34616110"]
[EventCountry "GER"]
[EventRounds "11"]
[EventType "swiss"]
[EventDate "2024.05.18"]

1. e4 {[%clk 01:16:00]} c5 {[%clk 01:15:51]} {[%emt 00:00:10]} 2. Nf3 {[%clk
01:16:26]} {[%emt 00:00:03]} d6 {[%clk 01:16:12]} {[%emt 00:00:09]} 3. d4
{[%clk 01:16:52]} {[%emt 00:00:03]} cxd4 {[%clk 01:16:38]} {[%emt 00:00:05]} 4.
Nxd4 {[%clk 01:17:17]} {[%emt 00:00:05]} Nf6 {[%clk 01:16:54]} {[%emt
00:00:14]} 5. Nc3 {[%clk 01:17:43]} {[%emt 00:00:05]} a6 {[%clk 01:17:12]}
{[%emt 00:00:12]} 6. f3 {[%clk 01:18:07]} {[%emt 00:00:05]} e5 {[%clk
01:17:33]} {[%emt 00:00:09]} 7. Nb3 {[%clk 01:18:34]} {[%emt 00:00:03]} Be6
{[%clk 01:17:52]} {[%emt 00:00:11]} 8. Be3 {[%clk 01:18:58]} {[%emt 00:00:05]}
Be7 {[%clk 01:18:03]} {[%emt 00:00:20]} 9. Qd2 {[%clk 01:19:24]} {[%emt
00:00:04]} O-O {[%clk 01:17:45]} {[%emt 00:00:48]} 10. O-O-O {[%clk 01:19:51]}
{[%emt 00:00:03]} Nbd7 {[%clk 01:17:31]} {[%emt 00:00:45]} 11. g4 {[%clk
01:20:16]} {[%emt 00:00:04]} Qc7 {[%clk 01:17:22]} {[%emt 00:00:39]} 12. h4
{[%clk 01:20:27]} {[%emt 00:00:18]} b5 {[%clk 01:17:23]} {[%emt 00:00:30]} 13.
g5 {[%clk 01:20:31]} {[%emt 00:00:26]} Nh5 {[%clk 01:17:21]} {[%emt 00:00:32]}
14. Rg1 {[%clk 01:19:46]} {[%emt 00:01:14]} b4 {[%clk 01:17:01]} {[%emt
00:00:51]} 15. Nd5 {[%clk 01:19:53]} {[%emt 00:00:23]} Bxd5 {[%clk 01:17:15]}
{[%emt 00:00:17]} 16. exd5 {[%clk 01:20:15]} {[%emt 00:00:07]} Rfc8 {[%clk
01:16:42]} {[%emt 00:01:03]} 17. Bd3 {[%clk 01:20:31]} {[%emt 00:00:14]} a5
{[%clk 01:13:50]} {[%emt 00:03:22]} 18. Kb1 {[%clk 01:19:56]} {[%emt 00:01:05]}
Nb6 {[%clk 01:11:53]} {[%emt 00:02:27]} 19. Bf5 {[%clk 01:17:18]} {[%emt
00:03:08]} Nc4 {[%clk 01:05:14]} {[%emt 00:07:09]} 20. Qf2 {[%clk 01:17:01]}
{[%emt 00:00:38]} Rcb8 {[%clk 00:59:39]} {[%emt 00:06:13]} 21. Bc1 {[%clk
01:05:29]} {[%emt 00:12:02]} a4 {[%clk 00:51:54]} {[%emt 00:08:15]} 22. Na1
{[%clk 01:04:56]} {[%emt 00:01:04]} Na3+ {[%clk 00:40:26]} {[%emt 00:11:58]}
23. bxa3 {[%clk 01:04:54]} {[%emt 00:00:32]} bxa3+ {[%clk 00:40:50]} {[%emt
00:00:06]} 24. Nb3 {[%clk 01:04:47]} {[%emt 00:00:37]} axb3 {[%clk 00:39:33]}
{[%emt 00:01:47]} 25. cxb3 {[%clk 01:05:08]} {[%emt 00:00:08]} Qc3 {[%clk
00:35:55]} {[%emt 00:04:07]} 26. Qc2 {[%clk 01:05:06]} {[%emt 00:00:32]} Qxc2+
{[%clk 00:31:00]} {[%emt 00:05:26]} 27. Bxc2 {[%clk 01:05:18]} {[%emt
00:00:18]} Rb4 {[%clk 00:25:03]} {[%emt 00:06:27]} 28. Be4 {[%clk 01:04:48]}
{[%emt 00:00:58]} Bd8 {[%clk 00:24:35]} {[%emt 00:01:00]} 29. Bd2 {[%clk
01:04:46]} {[%emt 00:00:32]} Rbb8 {[%clk 00:23:03]} {[%emt 00:02:02]} 30. Rc1
{[%clk 01:04:04]} {[%emt 00:01:11]} Bb6 {[%clk 00:21:16]} {[%emt 00:02:17]} 31.
Rg2 {[%clk 01:04:19]} {[%emt 00:00:15]} Bd4 {[%clk 00:20:54]} {[%emt 00:00:54]}
32. Rf1 {[%clk 01:02:55]} {[%emt 00:01:47]} Re8 {[%clk 00:16:42]} {[%emt
00:04:48]} 33. Bd3 {[%clk 01:00:48]} {[%emt 00:02:35]} Rac8 {[%clk 00:13:12]}
{[%emt 00:04:01]} 34. Rc1 {[%clk 00:55:05]} {[%emt 00:06:10]} Rb8 {[%clk
00:10:28]} {[%emt 00:03:13]} 35. Rc6 {[%clk 00:54:41]} {[%emt 00:00:56]} Bc5
{[%clk 00:09:32]} {[%emt 00:01:29]} 36. Ra6 {[%clk 00:54:29]} {[%emt 00:00:42]}
Ra8 {[%clk 00:06:59]} {[%emt 00:03:03]} 37. Rxa8 {[%clk 00:54:33]} {[%emt
00:00:26]} Rxa8 {[%clk 00:07:24]} {[%emt 00:00:06]} 38. Bb5 {[%clk 00:54:43]}
{[%emt 00:00:17]} g6 {[%clk 00:06:36]} {[%emt 00:01:20]} 39. Bc6 {[%clk
00:55:04]} {[%emt 00:00:09]} Rb8 {[%clk 00:07:00]} {[%emt 00:00:07]} 40. Rg4
{[%clk 00:54:47]} {[%emt 00:00:44]} Nf4 {[%clk 00:01:46]} {[%emt 00:05:46]} 41.
Bxf4 {[%clk 00:54:42]} {[%emt 00:00:34]} exf4 {[%emt 00:00:28]} 42. Rxf4 {[%clk
00:54:33]} {[%emt 00:00:17]} Rb4 {[%clk 00:02:09]} {[%emt 00:00:32]} 43. Rxb4
{[%clk 00:54:45]} {[%emt 00:00:18]} Bxb4 {[%clk 00:02:32]} {[%emt 00:00:07]}
44. Kc2 {[%clk 00:55:10]} {[%emt 00:00:04]} Kf8 {[%clk 00:01:56]} {[%emt
00:01:07]} 45. Kd1 {[%clk 00:55:31]} {[%emt 00:00:09]} Ke7 {[%clk 00:02:07]}
{[%emt 00:00:19]} 46. Ke2 {[%clk 00:55:44]} {[%emt 00:00:15]} f6 {[%clk
00:14:56]} {[%emt 00:02:44]} 47. Kf2 {[%clk 01:10:58]} {[%emt 00:00:14]} fxg5
{[%clk 00:14:39]} {[%emt 00:00:48]} 48. hxg5 {[%clk 01:11:23]} {[%emt
00:00:05]} Bd2 {[%clk 00:14:32]} {[%emt 00:00:37]} 49. Kg3 {[%clk 01:11:30]}
{[%emt 00:00:20]} Bxg5 {[%clk 00:14:12]} {[%emt 00:00:52]} 50. f4 {[%clk
01:11:47]} {[%emt 00:00:14]} Bf6 {[%clk 00:14:26]} {[%emt 00:00:16]} 51. b4
{[%clk 01:12:10]} {[%emt 00:00:07]} Bd4 {[%clk 00:14:39]} {[%emt 00:00:17]} 52.
b5 {[%clk 01:12:31]} {[%emt 00:00:09]} Kf6 {[%clk 00:14:31]} {[%emt 00:00:38]}
53. Bd7 {[%clk 01:11:12]} {[%emt 00:01:48]} h6 {[%clk 00:13:44]} {[%emt
00:01:18]} 54. Kh4 {[%clk 01:10:20]} {[%emt 00:01:16]} g5+ {[%clk 00:04:04]}
{[%emt 00:10:17]} 55. fxg5+ {[%clk 01:10:44]} {[%emt 00:00:05]} hxg5+ {[%clk
00:04:28]} {[%emt 00:00:05]} 56. Kg4 {[%clk 01:10:39]} {[%emt 00:00:36]} Ke5
{[%clk 00:02:58]} {[%emt 00:02:00]} 57. Be6 {[%clk 01:11:02]} {[%emt 00:00:06]}
Be3 {[%clk 00:02:32]} {[%emt 00:00:57]} 58. Kf3 {[%clk 01:11:22]} {[%emt
00:00:10]} Bc5 {[%clk 00:02:24]} {[%emt 00:00:38]} 59. Kg4 {[%clk 01:11:46]}
{[%emt 00:00:05]} Kf6 {[%clk 00:01:02]} {[%emt 00:01:53]} 60. Kf3 {[%clk
01:11:44]} {[%emt 00:00:32]} Ke5 {[%clk 00:01:00]} {[%emt 00:00:32]} 61. Kg4
{[%clk 01:12:07]} {[%emt 00:00:07]} Be3 {[%clk 00:01:14]} {[%emt 00:00:16]} 62.
Kf3 {[%clk 01:12:29]} {[%emt 00:00:08]} Bb6 {[%clk 00:01:05]} {[%emt 00:00:38]}
63. Kg4 {[%clk 01:12:52]} {[%emt 00:00:07]} Bd8 {[%clk 00:00:59]} {[%emt
00:00:37]} 64. Kh5 {[%clk 01:12:12]} {[%emt 00:01:09]} Kd4 {[%clk 00:00:43]}
{[%emt 00:00:47]} 65. Kg6 {[%clk 01:12:37]} {[%emt 00:00:05]} Kc5 {[%clk
00:01:00]} {[%emt 00:00:13]} 66. Kf7 {[%clk 01:12:59]} {[%emt 00:00:08]} Kxb5
{[%clk 00:01:19]} {[%emt 00:00:11]} 67. Ke8 {[%clk 01:13:23]} {[%emt 00:00:06]}
Bf6 {[%clk 00:01:37]} {[%emt 00:00:12]} 68. Kd7 {[%clk 01:13:39]} {[%emt
00:00:14]} Be5 {[%clk 00:02:01]} {[%emt 00:00:06]} 69. Kc7 {[%clk 01:13:36]}
{[%emt 00:00:33]} Kc4 {[%clk 00:02:27]} {[%emt 00:00:04]} 70. Kb6 {[%clk
01:13:58]} {[%emt 00:00:08]} Kc3 {[%clk 00:02:47]} {[%emt 00:00:10]} 71. Ka5
{[%clk 01:14:17]} {[%emt 00:00:10]} Kb2 {[%clk 00:03:12]} {[%emt 00:00:06]} 72.
Ka4 {[%clk 01:14:41]} {[%emt 00:00:06]} Kxa2 {[%clk 00:03:37]} {[%emt
00:00:05]} 73. Bf5 {[%clk 01:14:45]} {[%emt 00:00:25]} Kb2 {[%clk 00:04:03]}
{[%emt 00:00:05]} 74. Bd3 {[%clk 01:14:14]} {[%emt 00:01:01]} a2 {[%clk
00:04:27]} {[%emt 00:00:05]} 75. Bc4 {[%clk 01:14:40]} {[%emt 00:00:04]} a1=Q+
{[%clk 00:04:50]} {[%emt 00:00:07]} 76. Kb4 {[%clk 01:14:59]} {[%emt 00:00:11]}
Qa3+ {[%clk 00:05:09]} {[%emt 00:00:11]} 77. Kb5 {[%clk 01:15:24]} {[%emt
00:00:05]} Kc3 {[%clk 00:05:30]} {[%emt 00:00:10]} 78. Bf1 {[%emt 00:00:12]}
Qc5+ {[%emt 00:00:13]} 79. Ka6 {[%clk 01:15:05]} {[%emt 00:00:24]} Qb4 {[%clk
00:05:42]} {[%emt 00:00:17]} 80. Ka7 {[%clk 01:15:27]} {[%emt 00:00:10]} Bd4+
{[%clk 00:06:01]} {[%emt 00:00:10]} 81. Ka8 {[%clk 01:15:47]} {[%emt 00:00:10]}
Qb6 {[%clk 00:06:22]} {[%emt 00:00:09]} 82. Bg2 {[%clk 01:16:00]} {[%emt
00:00:17]} Qa7# {[%clk 00:06:46]} {[%emt 00:00:05]} 0-1